Systems analysis and design (Record no. 3988)

MARC details
000 -LEADER
fixed length control field 00677nam a22002417a 4500
003 - CONTROL NUMBER IDENTIFIER
control field OSt
005 - DATE AND TIME OF LATEST TRANSACTION
control field 20220107122742.0
008 - FIXED-LENGTH DATA ELEMENTS--GENERAL INFORMATION
fixed length control field 140426b xxu||||| |||| 00| 0 eng d
020 ## - INTERNATIONAL STANDARD BOOK NUMBER
International Standard Book Number 9788126523955
040 ## - CATALOGING SOURCE
Transcribing agency IIITM-K
082 ## - DEWEY DECIMAL CLASSIFICATION NUMBER
Classification number 004.21 DEN/S
100 ## - MAIN ENTRY--PERSONAL NAME
Personal name Dennis, Alan
9 (RLIN) 4650
245 ## - TITLE STATEMENT
Title Systems analysis and design
Statement of responsibility, etc. by Alan dennis; Barbara Haley Wixom; Robertya M Roth
250 ## - EDITION STATEMENT
Edition statement 4th ed.
260 ## - PUBLICATION, DISTRIBUTION, ETC.
Place of publication, distribution, etc. New Delhi,
Name of publisher, distributor, etc. Wiley,
Date of publication, distribution, etc. 2010.
300 ## - PHYSICAL DESCRIPTION
Extent xx, 551p.
650 ## - SUBJECT ADDED ENTRY--TOPICAL TERM
Topical term or geographic name entry element COMPUTER SCIENCE
9 (RLIN) 4651
650 ## - SUBJECT ADDED ENTRY--TOPICAL TERM
Topical term or geographic name entry element SYSTEM ANALYSIS
9 (RLIN) 4652
650 ## - SUBJECT ADDED ENTRY--TOPICAL TERM
Topical term or geographic name entry element SYSTEM DESIGN
9 (RLIN) 4653
700 ## - ADDED ENTRY--PERSONAL NAME
Personal name Wixom, Barbara Haley
9 (RLIN) 4654
700 ## - ADDED ENTRY--PERSONAL NAME
Personal name Roth, Roberta M
9 (RLIN) 4655
942 ## - ADDED ENTRY ELEMENTS (KOHA)
Source of classification or shelving scheme Dewey Decimal Classification
Koha item type Books
Holdings
Withdrawn status Lost status Source of classification or shelving scheme Damaged status Not for loan Collection code Home library Current library Shelving location Date acquired Cost, normal purchase price Total Checkouts Full call number Barcode Date last seen Date last checked out Price effective from Koha item type
    Dewey Decimal Classification       Kerala University of Digital Sciences, Innovation and Technology Knowledge Centre Kerala University of Digital Sciences, Innovation and Technology Knowledge Centre Computer Science 18/04/2023 412.00 2 004.21 DEN/S 3655 08/07/2025 16/06/2025 26/04/2014 Books